00842cam a2200277 i 45000010008000000030004000080050017000120080041000290100017000700200015000870200018001020350012001200400018001320430012001500500016001620820020001781000030001982450085002282600053003133000034003663360026004003370028004263380027004545040039004816510044005201354869OSt20260511103706.0800818s1981 njua b 001 0 eng  a 80021484  a0136452000 a9780136452003 a1354869 aDLCcDLCdDLC an-us---00aJK274b.H5500a320.473 HIN2191 aHinckley, Barbara,d1937-10aOutline of American government :bthe continuing experiment /cBarbara Hinckley. aEnglewood Cliffs, N.J. :bPrentice-Hall,cc1981. axiv, 304 p. :bill. ;c24 cm. atextbtxt2rdacontent aunmediatedbn2rdamedia avolumebnc2rdacarrier aIncludes bibliographies and index. 0aUnited StatesxPolitics and government.